Statistics for Countries or Capitals of the World: whichever is shorter

Click here to take the quiz!

General Stats

  • This quiz has been taken 226 times
  • The average score is 148 of 226

Answer Stats

Answer% Correct
London
91%
Oslo
90%
Lisbon
89%
Sweden
88%
Berlin
88%
Paris
87%
Chile
87%
Spain
87%
Mexico
87%
Bern
87%
Brazil
86%
Finland
86%
Rome
86%
Andorra
85%
Dublin
85%
China
84%
India
83%
Riga
83%
Iran
82%
Iraq
82%
San Marino
80%
Kiev
80%
Argentina
80%
Kuwait
80%
Israel
80%
Cuba
79%
Panama
79%
Doha
79%
Prague
79%
Vienna
79%
Syria
79%
Baku
79%
Iceland
78%
Amsterdam
77%
Moscow
77%
Vatican City
77%
Canberra
76%
Sofia
76%
Niger
76%
Vaduz
76%
Monaco
76%
Oman
76%
Haiti
76%
Romania
76%
Seoul
76%
Pakistan
76%
Minsk
75%
Russia
75%
Peru
75%
Amman
75%
Zagreb
75%
Dhaka
75%
Guatemala
74%
Tunis
74%
Hanoi
74%
Laos
74%
Hungary
74%
Uruguay
74%
Luxembourg
74%
Cairo
74%
Kabul
74%
Bangkok
74%
Abuja
73%
Malaysia
73%
Beirut
73%
Belgium
73%
Belize
73%
Guyana
73%
Slovenia
73%
Cyprus
73%
Denmark
73%
Slovakia
73%
Kosovo
72%
Japan
72%
Sri Lanka
72%
Libya
72%
Astana
72%
Canada
72%
Nepal
72%
Ethiopia
72%
Malta
72%
Rabat
72%
Sudan
71%
Washington D.C.
71%
Jakarta
71%
Mongolia
71%
Serbia
71%
Suriname
71%
Tokyo
71%
Quito
71%
Mali
71%
Wellington
70%
Riyadh
70%
Vilnius
70%
Abu Dhabi
70%
Bhutan
70%
Athens
70%
Dakar
70%
El Salvador
70%
Algiers
69%
Kingstown
69%
Skopje
69%
Fiji
69%
Manila
69%
Kenya
68%
Malé
68%
Warsaw
68%
Bishkek
68%
Bogotá
68%
Chad
68%
Manama
67%
Tirana
67%
Lima
67%
Singapore
67%
Pyongyang
67%
Juba
67%
Honduras
66%
Somalia
66%
Dili
66%
Tashkent
66%
Apia
66%
San José
65%
Brunei
65%
Greece
65%
Benin
65%
Madagascar
64%
Accra
64%
Moldova
64%
Gabon
64%
Turkey
64%
Djibouti
64%
Ashgabat
64%
Yemen
64%
Nassau
64%
Tallinn
64%
Jamaica
63%
Bissau
63%
Burma
63%
Caracas
63%
Asmara
63%
Ankara
63%
Cambodia
63%
Tonga
63%
Dushanbe
62%
Ottawa
62%
Pretoria
62%
São Tomé
62%
Victoria
62%
Poland
62%
Ghana
62%
Palau
61%
Egypt
60%
Georgia
60%
Togo
60%
Uganda
60%
Guinea
60%
Tbilisi
60%
Vanuatu
60%
Sarajevo
59%
Managua
59%
Sana'a
58%
Santo Domingo
58%
Burundi
58%
La Paz
58%
Tuvalu
58%
Zambia
58%
Castries
58%
Praia
58%
Liberia
58%
Nauru
57%
Yerevan
57%
Rwanda
57%
Kinshasa
56%
Paraguay
56%
Taiwan
56%
Maputo
56%
Barbados
56%
Podgorica
56%
Freetown
55%
Suva
55%
Namibia
54%
Gambia
54%
Lomé
54%
Malawi
54%
Taipei
54%
Grenada
53%
Estonia
53%
Saint John's
53%
Harare
52%
Roseau
52%
Brazzaville
52%
Armenia
51%
Maseru
51%
Luanda
50%
Kigali
50%
Angola
50%
Port Moresby
50%
Moroni
50%
Honiara
50%
Bangui
50%
Dodoma
50%
Kiribati
50%
Banjul
49%
Malabo
49%
Port-of-Spain
49%
Basseterre
48%
Mauritius
47%
Botswana
46%
Yaoundé
45%
Mbabane
45%
Asunción
44%
Cote d'Ivoire
44%
Yaren
44%
Majuro
44%
Sucre
43%
Lusaka
43%
Palikir
42%
New Zealand
42%
Algeria
41%
Mauritania
38%
Burkina Faso
38%
United States
37%
Port Louis
34%
Gaborone
33%
Ouagadougou
27%
Nouakchott
18%

Score Distribution

Percentile by Number Answered

Percent of People with Each Score

Your Score History

You have not taken this quiz